00822cam a2200241 a 450000100100000000500170001000800410002703500190006804000300008708200200011710000500013724500560018726000390024330000210028249000110030360000380031465000310035283000180038391000320040104900090043395201230044299900150056500000589720200929151830.0780814s1969 ve 000 0 spa d a(DLC) 78357038 aDO-SdBNPcDLCdDLCdBNPHU a928.87bR696ó1 aRodríguez Monegal, Emir,d1921-1985.91662613aEl otro Andrés Bello /cEmir Rodríguez Monegal. aCaracas :bMonte Ávila,c[1969]. a472 p. ;c20 cm.1 aPrisma14aBELLO, ANDRES,d1781-1865.916627 4aAutores venezolanos916628 0aPrisma.93770 aCatalogación por copia/LC aBNGR 001052708MOaGRbGRcCTd2009-08-24iLF1l0o928.87 R696óp5897-10r2020-06-25w2020-06-25y2ZPréstamo interno c5693d5693